Responses for Show #360 - Friday, January 24, 1986

Contestants

[<< previous game]

Bob Danielson, a financial analyst from Miami Springs, Florida

George Lynch, a graphic artist and a part-time minister from West Hollywood, California

Ann Antell, a teacher from Ypsilanti, Michigan (whose 3-day cash winnings total $18,110)

[next game >>]

Jeopardy! Round responses

ROCK 'N ROLL
ASTRONOMY
SPORTS
AMERICAN INDIANS
BRITISH CLOTHING
"COCK" A DOODLE DO
    $100 17
Rio de Janeiro

Ann
    $100 11
Saturn

Bob
    $100 2
the L.A. Lakers

Bob
    $100 8
slaves

Ann
    $100 1
a pinafore

Bob
    $100 9
a cockatoo

George
    $200 25
the Apollo

Ann
    $200 12
(Bob: What are asteroids?)

comets

AnnBob
    $200 3
the Golden Gloves

Ann
    $200 13
flint

Ann
    $200 4
cuffs

Ann
    $200 10
Alfred Hitchcock

Bob
    $300 19
(George: What is nuclear energy?)

one second

George
Triple Stumper
    $300 22
Ireland

Ann
    $300 14
Apache

Ann
    $300 5
undershirt

Triple Stumper
    $300 15
the cockles of the heart

Ann
    $400 20
Neptune

Bob
    $400 26
bullfighting

Bob
    $400 16
the Creek Indians

Bob
    $400 6
underpants

Ann
    $100 23
(Alex: With about a minute to go in the round.)

poppycock

Ann
    $500 21
Alpha Centauri

Bob
    $500 27
[End-of-round-signal sounds]

Steve Cauthen

Bob
    $500 18
a pow-wow

Bob
    $500 7
(Alex: They are pointed toe pumps, so they wear them on [*].)

their feet

Triple Stumper
    $500 24
John Hancock

Bob

Scores at the first commercial break (after clue 14):

Ann George Bob
$1,600 $100 $300

Scores at the end of the Jeopardy! Round:

Ann George Bob
$2,600 -$200 $3,500

Double Jeopardy! Round responses

1946
MYSTICISM
OPERA
PUBLISHING
ACRONYMS
TOUGH TV TRIVIA
    $200 2
Adolf Hitler

Bob
    $200 1
(George: What is your astrological sign?)

astrology

GeorgeBob
    $200 5
Der Rosenkavalier

Bob
    $200 15
subscription

Bob
    $200 10
SIAM

Bob
    $200 23
Mutual of Omaha

Bob
    $400 3
an atomic test

George
    $400 8
your aura

Ann
    $400 21
Mozart

Bob
    $400 16
(George: What is [*]-Hill?)

McGraw

George
    $400 11
the Screen Extras Guild

Bob
    $400 24
(Alex: Yes, with less than a minute to go in the round.)

Selma Diamond

Bob
    $600 4
Bing Crosby

Ann
    $600 9
Don Juan

Bob
    $600 26
(George: What is a spy?)
(Ann: What is a hooker?)

an opera singer

AnnGeorge
Triple Stumper
    $400 17
the Chicago Tribune & the Sun-Times

George
    $600 12
surface-to-air missiles

Bob
    $600 25
Paper moon

Ann
    $800 6
William S. Hart

Triple Stumper
    $800 20
(Ann: What is the chakra?)

(Alex: No. [pause] More specific.)

(Ann: [*].)

the third eye

Ann
    $800 27
the Met

Triple Stumper
    $800 18
the crossword puzzles

Triple Stumper
    $800 13
keep it simple, stupid

Bob
    $1000 7
(Ann: What is Geneva?)

the Rockefeller family

AnnGeorge
    $1000 22
nirvana

Triple Stumper
    $1000 28
[End-of-the-round signal sounds]

Brünnhilde

Ann
    $1000 19
Random House

Triple Stumper
    $1000 14
the International Race of Champions

Bob

Scores at the end of the Double Jeopardy! Round:

Ann George Bob
$4,400 $1,200 $8,900
(lock game)

[wagering suggestions for these scores]

Final Jeopardy! Round responses

TWENTIETH CENTURY
GeorgeWho was Eisenhower
$1,199
AnnWho was RF Kennedy?
$4,350
BobWho was Winston Churchill?
$50
Winston Churchill

Final scores:

Ann George Bob
$50 $1 $8,950
2nd place: La-Z-boy sleep sofa & LouverDrape Vertical blinds 3rd place: Olympus 35mm camera New champion: $8,950

Game dynamics:

Coryat scores:

Ann George Bob
$4,700 $1,400 $8,900
17 R
(including 1 DD),
2 W
5 R
(including 1 DD),
3 W
24 R,
1 W

Combined Coryat: $15,000

[game clues] [game scores] [suggest correction]

Game tape date: 1985-09-17
The J! Archive is created by fans, for fans. Scraping, republication, monetization, and malicious use prohibited; this site may use cookies and collect identifying information. See terms. The Jeopardy! game show and all elements thereof, including but not limited to copyright and trademark thereto, are the property of Jeopardy Productions, Inc. and are protected under law. This website is not affiliated with, sponsored by, or operated by Jeopardy Productions, Inc. Join the discussion at JBoard.tv.